000 00426nam a2200157Ia 4500
008 240729s9999 xx 000 0 und d
022 _a2452-2325
245 0 _aJournal of Current Ophthalmology
260 _aIndia
260 _bWolters Kluwer Medknow Publications
650 _a Ophthalmology
650 _aMedicine
856 _uhttps://doaj.org/toc/9ebfc741a7a643e59e9884091832b63f
942 _2ddc
942 _cDOAJEJ
999 _c68681
_d68681
945 _a1
_bMadushi Gamage
_c1
_dMadushi Gamage